| 000 | 00486nam a2200205Ia 4500 | ||
|---|---|---|---|
| 008 | 170918s9999 xx 000 0 und d | ||
| 020 | _a9780545572705 | ||
| 050 | _bT888 2014 | ||
| 100 | _aTuchman, Gail | ||
| 245 | _aPlanets / | ||
| 245 | _cGail Tuchman. | ||
| 260 | _aNew York : | ||
| 260 | _bScholastic, | ||
| 260 | _c2014 | ||
| 300 | _a32 pages : | ||
| 300 | _bcolored illustration ; | ||
| 300 | _c23cm. | ||
| 440 | _aScholastic discover more readers. | ||
| 500 | _a400 | ||
| 999 |
_c342564 _d342564 |
||